Communes du Pays Ajaccien (Corse) - Statistiques

Statistiques générales
  • Ce quiz a été pris 24 fois
  • Le résultat moyen est 5 sur 10
Statistiques - réponses
Par images Réponse % Correct
AIACCIU
100%
ALATA
89%
AFÀ
74%
APPIETTU
47%
PERI
37%
VILLANOVA
32%
SARRULA CARCUPINU
26%
A VADDI DI A MEZANA
21%
CUTTOLI CORTICHJATU
21%
TÀVACU
16%
Aucun quiz correspondant
Distribution des résultats
% des personnes avec chaque résultat
Percentile par nombre de réponses
Votre historique - résultats
Vous n’avez pas pris ce quiz